Refugee cities : (Record no. 607644)
[ view plain ]
| 000 -LEADER | |
|---|---|
| fixed length control field | 01697cam a22004338i 4500 |
| 001 - CONTROL NUMBER | |
| control field | 22455364 |
| 003 - CONTROL NUMBER IDENTIFIER | |
| control field | NUST |
| 005 - DATE AND TIME OF LATEST TRANSACTION | |
| control field | 20240216145407.0 |
| 008 - FIXED-LENGTH DATA ELEMENTS--GENERAL INFORMATION | |
| fixed length control field | 220228s2022 pau b 001 0 eng |
| 010 ## - LIBRARY OF CONGRESS CONTROL NUMBER | |
| LC control number | 2022007609 |
| 020 ## - INTERNATIONAL STANDARD BOOK NUMBER | |
| International Standard Book Number | 9781512822793 |
| Qualifying information | (hardcover) |
| 020 ## - INTERNATIONAL STANDARD BOOK NUMBER | |
| International Standard Book Number | 1512822795 |
| 038 ## - RECORD CONTENT LICENSOR | |
| Staff Name | AZHAR |
| 040 ## - CATALOGING SOURCE | |
| Original cataloging agency | PU/DLC |
| Language of cataloging | eng |
| Description conventions | rda |
| Transcribing agency | DLC |
| Modifying agency | DLC |
| 042 ## - AUTHENTICATION CODE | |
| Authentication code | pcc |
| 043 ## - GEOGRAPHIC AREA CODE | |
| Geographic area code | a-pk--- |
| -- | a-af--- |
| 050 00 - LIBRARY OF CONGRESS CALL NUMBER | |
| Classification number | DS380.A35 |
| Item number | A55 2022 |
| 082 00 - DEWEY DECIMAL CLASSIFICATION NUMBER | |
| Classification number | 305.89159305491 |
| Edition number | 23/eng/20220527 |
| Author Mark | ALI |
| 100 1# - MAIN ENTRY--PERSONAL NAME | |
| Personal name | Alimia, Sanaa, |
| Relator term | author. |
| 9 (RLIN) | 120277 |
| 245 10 - TITLE STATEMENT | |
| Title | Refugee cities : |
| Remainder of title | how Afghans changed urban Pakistan / |
| Statement of responsibility, etc. | Sanaa Alimia. |
| 250 ## - EDITION STATEMENT | |
| Edition statement | 1st edition. |
| 260 ## - PUBLICATION, DISTRIBUTION, ETC. | |
| Place of publication, distribution, etc. | Philadelphia : |
| Name of publisher, distributor, etc. | University of Pennsylvania Press, |
| Date of publication, distribution, etc. | 2022. |
| 263 ## - PROJECTED PUBLICATION DATE | |
| Projected publication date | 2212 |
| 300 ## - PHYSICAL DESCRIPTION | |
| Extent | xviii, 228p. |
| 336 ## - CONTENT TYPE | |
| Content type term | text |
| Content type code | txt |
| Source | rdacontent |
| 337 ## - MEDIA TYPE | |
| Media type term | unmediated |
| Media type code | n |
| Source | rdamedia |
| 338 ## - CARRIER TYPE | |
| Carrier type term | volume |
| Carrier type code | nc |
| Source | rdacarrier |
| 504 ## - BIBLIOGRAPHY, ETC. NOTE | |
| Bibliography, etc. note | Includes bibliographical references and index. |
| 520 ## - SUMMARY, ETC. | |
| Summary, etc. | "This book tells the story of how global wars affect everyday life for Afghans who have been living as refugees in Pakistan. This book is a must read for those who want a glimpse of ordinary life for a long-term refugee population beyond the headlines of war or terror"-- |
| Assigning source | Provided by publisher. |
| 650 #0 - SUBJECT ADDED ENTRY--TOPICAL TERM | |
| Topical term or geographic name entry element | Afghans |
| Geographic subdivision | Pakistan. |
| 9 (RLIN) | 120278 |
| 650 #0 - SUBJECT ADDED ENTRY--TOPICAL TERM | |
| Topical term or geographic name entry element | Refugees |
| Geographic subdivision | Afghanistan. |
| 9 (RLIN) | 120279 |
| 650 #0 - SUBJECT ADDED ENTRY--TOPICAL TERM | |
| Topical term or geographic name entry element | Refugees |
| Geographic subdivision | Pakistan. |
| 9 (RLIN) | 120280 |
| 650 #0 - SUBJECT ADDED ENTRY--TOPICAL TERM | |
| Topical term or geographic name entry element | Urbanization |
| Geographic subdivision | Pakistan. |
| 9 (RLIN) | 37641 |
| 650 #0 - SUBJECT ADDED ENTRY--TOPICAL TERM | |
| Topical term or geographic name entry element | Afghans |
| Geographic subdivision | Pakistan |
| -- | Karachi |
| General subdivision | Social conditions. |
| 9 (RLIN) | 120281 |
| 650 #0 - SUBJECT ADDED ENTRY--TOPICAL TERM | |
| Topical term or geographic name entry element | Afghans |
| Geographic subdivision | Pakistan |
| -- | Peshawar |
| General subdivision | Social conditions. |
| 9 (RLIN) | 120282 |
| 906 ## - LOCAL DATA ELEMENT F, LDF (RLIN) | |
| a | 7 |
| b | cbc |
| c | orignew |
| d | 1 |
| e | ecip |
| f | 20 |
| g | y-gencatlg |
| 942 ## - ADDED ENTRY ELEMENTS (KOHA) | |
| Source of classification or shelving scheme | |
| Koha item type | Book |
| Withdrawn status | Lost status | Source of classification or shelving scheme | Damaged status | Not for loan | Permanent Location | Current Location | Date acquired | Total Checkouts | Total Renewals | Full call number | Barcode | Date last seen | Date last checked out | Price effective from | Koha item type |
|---|---|---|---|---|---|---|---|---|---|---|---|---|---|---|---|
| Central Library (CL) | Central Library (CL) | 02/02/2024 | 1 | 3 | 305.89159305491 ALI | CL-1510 | 02/10/2026 | 12/15/2025 | 02/02/2024 | Book |
